• 首页
  • 本馆介绍
  • 公告通知
  • 最新文献
  • 馆藏检索
  • 电子资源
  • 读者导购
  • 参考咨询
  • 我的图书馆
  • 登录
  • 详细信息显示
  • 放入我的书架
  • 预约/预借图书
  • 作者相关作品
  • 分类相关作品
  • 丛书相关作品
  • 出版社相关作品

书目信息

  • 表格格式
  • 工作单格式
  • 卡片格式
书名: Flowers for Mrs. Harris
作者: Paul Gallico.
分册号:
分册名:
出版地: [S.l. :
 
出版社: s.n.]
出版时间: 19--?.
页数: 118 p. :
开本: 19cm
丛书名:
中图分类号:
科图分类号:
其他分类号: H319.4
主题词:
电子资源:
000 00598nam 2200217 a 4500
001 E0739384687
005 20070429102333.93
008 @1@1eng
008 @1@1 uu
040    @aNLC
049    @aN5LA
090    @a2/I712.45-49/GP///////////912537-9/3cop.
090    @aH319.4
096    @aI712.45-49 @v2
099    @dH319.4@ex120
100 1  @aGallico, Paul.
245 10 @aFlowers for Mrs. Harris / @cPaul Gallico.
260    @a[S.l. :@bs.n.],@c19--?.
300    @a118 p. :@b00 ;@c19cm@lNLC09@h2245@lNLC09@h2237@lNLC09@h1828
700    @aGallico Paul
852 9  @bWWJC @cJ08S @k2 @hI712.45-49 @iGP
    
    Flowers for Mrs. Harris / / Paul Gallico.-[S.l. : : s.n.], , 19--?.
    118 p. : : 00 ; ; 19cm
    
    
    ISBN
    
●
相关链接 在E读中查询图书 在五车中查询图书 在当当中查询图书 在豆瓣中查询图书


正题名:Flowers for Mrs. Harris     索取号:H319.4/x120         预约/预借

序号 登录号 条形码 馆藏地/架位号 状态 备注
1 83665   001195673   第四借阅区/ [索取号:H319.4/x120] 在馆    
2 83666   001195664   第四借阅区/ [索取号:H319.4/x120] 在馆    
3 83667   001195682   第四借阅区/ [索取号:H319.4/x120] 在馆    
4 83668   001195708   第四借阅区/ [索取号:H319.4/x120] 在馆    
5 83669   001195655   第二样本阅览室/ [索取号:H319.4/x120] 在馆    
唐山师范学院图书馆 欢迎您!
大连网信软件有限公司© 版权所有